| 000 | 00659nam a2200193 4500 | ||
|---|---|---|---|
| 001 | 121949 | ||
| 003 | ES-MaACL | ||
| 007 | t| | ||
| 008 | 070214s1970 mx r ||||1| spa d | ||
| 100 | 1 |
_aPodhoretz, Norman. _992712 |
|
| 245 | 1 | 0 |
_aCreatividad en la literatura norteamericana / _cNorman Podhoretz ; introducción para el lector norteamericano por Mauricio Magdaleno ; traducida por Nuria Parés. |
| 250 | _a1ª ed. | ||
| 260 |
_aMéxico : _bPax, _c1970. |
||
| 300 |
_aXXIV, 326 p. ; _c21 cm. |
||
| 700 | 1 |
_aMagdaleno, Mauricio. _975460 |
|
| 700 | 0 |
_aParés, Nuria, _d1925-2010 _989101 |
|
| 852 |
_aES-MaACL _jE-9756 _bR.93541 |
||
| 999 |
_c121949 _d121949 |
||